000 02454cam a22005177a 4500
003 CHAP
005 20220329141136.0
008 971010s1980 r 00010 d
010 _a63311
011 _a64283
035 _a69564
040 _cCHAP
082 _a630.717
_bC3
100 0 0 _aCastaños Martínez, Carlos Manuel.
_919973
245 1 0 _aAsistencia técnica programada en base a perfiles de desarrollo vegetativo
260 _a[México, D.F.] :
_bFondo de Garantía y Fomento para la Agricultura, Ganadería y Avicultura,
_c1980
300 _a89 p. láms.
_b; gráfs.
500 _aEstension agricola - Sonora
590 _aBATCH-UPD
_b10
_c20130110
_lUCH01
_h0254
590 _aBATCH-UPD
_b10
_c20130110
_lUCH01
_h1736
590 _aBATCH-UPD
_b10
_c20130409
_lUCH01
_h2324
590 _aBATCH-UPD
_b10
_c20130410
_lUCH01
_h1444
590 _aBATCH-UPD
_b10
_c20130914
_lUCH01
_h0504
590 _aCONVERSION
_b10
_c20130109
_lUCH01
_h1334
650 1 4 _aAyuda técnica.
_99035
650 1 4 _aCultivos
_xSonora.
_930327
650 1 4 _aExtensión agrícola
_xSonora.
_939187
710 0 _aFondo de Garantía y Fomento para la Agricultura, Ganadería y Avicultura. México.
_942107
901 _aBK
942 _cLIBRO
949 _a630.717 C3
_bBC
_cLIBRO
_d-71235
_eLIBRO
_fc.6
_h48925
_i69564
_si
949 _a630.717 C3
_bBC
_cLIBRO
_d-71238
_eLIBRO
_fc.9
_h48928
_i69564
_si
949 _a630.717 C3
_bBC
_cLIBRO
_d33724000034526
_eLIBRO
_h48920
_i69564
_si
949 _a630.717 C3
_bBC
_cLIBRO
_d33724000034534
_eLIBRO
_fc.2
_h48921
_i69564
_si
949 _a630.717 C3
_bBC
_cLIBRO
_d33724000034542
_eLIBRO
_fc.13
_h87575
_i69564
_si
949 _a630.717 C3
_bBC
_cLIBRO
_d33724000034559
_eLIBRO
_fc.12
_h48931
_i69564
_si
949 _a630.717 C3
_bBC
_cLIBRO
_d33724000034567
_eLIBRO
_fc.11
_h48930
_i69564
_si
949 _a630.717 C3
_bBC
_cLIBRO
_d33724000034575
_eLIBRO
_fc.10
_h48929
_i69564
_si
949 _a630.717 C3
_bBC
_cLIBRO
_d33724000034583
_eLIBRO
_fc.8
_h48927
_i69564
_si
949 _a630.717 C3
_bBC
_cLIBRO
_d33724000034591
_eLIBRO
_fc.7
_h48926
_i69564
_si
949 _a630.717 C3
_bBC
_cLIBRO
_d33724000034609
_eLIBRO
_fc.4
_h48924
_i69564
_si
949 _a630.717 C3
_bBC
_cLIBRO
_d33724000034617
_eLIBRO
_fc.3
_h48923
_i69564
_si
949 _a630.717 C3
_bBC
_cLIBRO
_d33724000768263
_eLIBRO
_fc.14
_h97225
_i69564
_kDonaciØn
_si
949 _a630.717 C3
_bBC
_cLIBRO
_d33724002124652
_eLIBRO
_fc.15
_gDonaciØn
_h111122
_i69564
_si
949 _a630.717 C3
_bP
_cLIBRO
_d-1775
_eLIBRO
_h596
_i69564
_si
999 _c63311
_d63311